|
|
|
|
| LEADER |
00000cam a2200000 7i4500 |
| 001 |
0000012942 |
| 005 |
20080630.0 |
| 008 |
080104 |
| 020 |
|
|
|a 9830983102
|
| 090 |
0 |
0 |
|a 297.577
|b ABD
|
| 100 |
0 |
|
|a Abdul Hakim Majid
|
| 245 |
1 |
0 |
|a 20 teknik mencerdaskan akal dan melembutkan hati anak
|c Abdul Hakim Majid & Abu Umar
|
| 260 |
|
|
|a Selangor :
|b Pustaka Ilmi ,
|c 2005
|
| 650 |
|
0 |
|a Child rearing
|x Religious aspects
|x Islam
|
| 650 |
|
0 |
|a Parent and child
|x Religious aspects
|x Islam
|
| 740 |
0 |
|
|a Dua puluh teknik mencerdaskan akal dan melembutkan hati anak
|
| 999 |
|
|
|a 0001009235
|b Book
|c Adult Collection
|e Perbadanan Perpustakaan Awam Johor
|
| 999 |
|
|
|a 0001009236
|b Book
|c Adult Collection
|e Perbadanan Perpustakaan Awam Johor
|
| 999 |
|
|
|a 0001009237
|b Book
|c Adult Collection
|e Perbadanan Perpustakaan Awam Johor
|